La industria de automóviles de turismo / (Record no. 37283)

MARC details
000 -LEADER
campo de control de longitud fija 00836nam a2200241 i 4500
001 - NÚMERO DE CONTROL
campo de control 37283
003 - IDENTIFICADOR DE NÚMERO DE CONTROL
campo de control ES-MaACL
005 - FECHA Y HORA DE LA ÚLTIMA TRANSACCIÓN
campo de control 20230906155535.0
007 - CAMPO FIJO DE DESCRIPCIÓN FÍSICA--INFORMACIÓN GENERAL
campo de control de longitud fija t|
008 - DATOS DE LONGITUD FIJA--INFORMACIÓN GENERAL
campo de control de longitud fija 030220s1981 sp ||||1| spa d
020 ## - NÚMERO INTERNACIONAL ESTÁNDAR DEL LIBRO
Número Internacional Estándar del Libro 84-500-5073-1
100 1# - ENTRADA PRINCIPAL--NOMBRE DE PERSONA
Nombre de persona Bueno Lastra, Juan.
9 (RLIN) 32399
245 13 - MENCIÓN DEL TÍTULO
Título La industria de automóviles de turismo /
Mención de responsabilidad, etc. Juan Bueno Lastra, Antonio Ramos Barrado.
260 ## - PUBLICACIÓN, DISTRIBUCIÓN, ETC.
Lugar de publicación, distribución, etc. [Madrid :
Nombre del editor, distribuidor, etc. Bolsa de Madrid, Servicio de Estudios,
Fecha de publicación, distribución, etc. 1981]
300 ## - DESCRIPCIÓN FÍSICA
Extensión 125 p. ;
Dimensiones 24 cm.
490 1# - MENCIÓN DE SERIE
Mención de serie Temas monográficos. Sectores
500 ## - NOTA GENERAL
Nota general Tít. de la cub. : La industria del automóvil en España.
700 1# - ENTRADA AGREGADA--NOMBRE PERSONAL
Nombre de persona Ramos Barrado, Antonio.
9 (RLIN) 95284
710 2# - ENTRADA AGREGADA--NOMBRE DE ENTIDAD CORPORATIVA
Nombre de entidad corporativa o nombre de jurisdicción como elemento de entrada Bolsa de Madrid.
Unidad subordinada Servicio de Estudios.
9 (RLIN) 2231
830 0# - PUNTO DE ACCESO ADICIONAL DE SERIE-TÍTULO UNIFORME
Título uniforme Temas monográficos. Sectores
9 (RLIN) 229631
852 ## - LOCALIZACIÓN
Ubicación ES-MaACL
Número de control de estantería L-11866
Sublocalización o colección R.114126
Holdings
Estatus retirado Estado de pérdida Estado de daño No para préstamo Biblioteca de origen Biblioteca actual Ubicación en estantería Fecha de adquisición Fuente de adquisición Total de préstamos Signatura topográfica completa Código de barras Visto por última vez Precio de reemplazo Tipo de ítem Koha
        Biblioteca del Ateneo de Madrid Biblioteca del Ateneo de Madrid Depósito 2 17/01/2008     L-11866 1039233 23/02/2023 23/02/2023 Libro impreso